000 00567nam a2200229Ia 4500
003 OSt
005 20220918201907.0
006 a|||||r|||| 00| 0
007 ta
008 220917b |||||||| |||| 00| 0 eng d
024 _a97,276
037 _cTextual
040 _aARTS
_cARTS
_beng
041 _2eng
_aeng
082 _aV2:238wM04, C3
100 _aTemple Richard Sir
_9101231
245 0 _aJames Thomson
260 _c1893
650 _aHISTORY
942 _hV2:238wM04, C3
_cTEXL
_2CC
999 _c220871
_d220871